Top U.S. Patent Recipients 2000-2015 - Statistics

General Stats
  • This quiz has been taken 31 times
  • The average score is 60 of 160
Answer Stats
Organization Patents % Correct
Google, Inc. 2190 | 2881 | 3195
77%
Microsoft Corp. 1662 | 2043 | 2368 | +6 others
77%
Samsung Electronics Co., Ltd. 1441 | 1450 | 1604 | +11 others
68%
Sony Corp. 1363 | 1385 | 1434 | +11 others
59%
International Business Machines Corp. 2886 | 2941 | 3125 | +13 others
50%
LG Electronics Inc. 2682 | 3117
50%
General Electric Co. 1423 | 1667 | 2040 | +2 others
45%
Intel Corp. 1534 | 1549 | 1592 | +6 others
41%
Matsushita Electric Industrial Co., Ltd. 1440 | 1544 | 1813 | +3 others
36%
Panasonic Corp. 1759 | 1760 | 2394 | +4 others
36%
Motorola, Inc. 1196
32%
Hewlett-Packard Co. 1390 | 1470 | 1768 | +2 others
27%
Hewlett-Packard Development Company, L.P. 2111
27%
Toshiba Corp. 1232 | 1338 | 1575 | +9 others
27%
Mitsubishi Denki K.K. 1184
23%
Canon K.K. 1867 | 1875 | 1877 | +13 others
18%
Hitachi, Ltd. 1271 | 1601 | 1918 | +9 others
18%
Fujitsu Ltd. 1147 | 1166 | 1416 | +3 others
9%
Qualcomm, Inc. 2706 | 3209
9%
Siemens A.G. 1345 | 1429 | 1477 | 1486
9%
Siemens Corp. 1698 | 1743
9%
Lucent Technologies Inc. 1411
5%
Micron Technology 1833
5%
Micron Technology, Inc. 1304 | 1484 | 1561 | +4 others
5%
NEC Corp. 1821 | 1953 | 2021
5%
No matching quizzes found
Score Distribution
Percent of People with Each Score
Percentile by Number Answered
Your Score History
You have not taken this quiz